[Event "Dortmund Sparkassen op-B"]
[Site "Dortmund"]
[Date "2013.08.04"]
[Round "9"]
[White "Wichtrup, Jan Louis"]
[Black "Gerard, Marcel"]
[Result "0-1"]
[WhiteElo "1751"]
[BlackElo "1878"]
[PlyCount "40"]
[EventDate "2013.07.27"]
[EventType "swiss"]
[EventRounds "9"]
[EventCountry "GER"]
[SourceTitle "EXT 2022"]
[Source "ChessBase"]
[SourceDate "2021.10.06"]
[SourceVersion "1"]
[SourceVersionDate "2021.10.06"]
[SourceQuality "1"]

1. d4 g6 2. c4 Bg7 3. Nf3 c5 4. e4 cxd4 5. Nxd4 Nc6 6. Be3 Qb6 7. Nb3 Qc7 8. Nc3 Bxc3+ 9. bxc3 Nf6 10. f3 b6 11. c5 bxc5 12. Bxc5 0-0 13. Be2 Rd8 14. c4 d6 15. Be3 Ne5 16. Qc2 d5 17. Bf4 dxc4 18. Rc1 Nxf3+ 19. Bxf3 Qxf4 20. Qxc4 Be6 0-1

[Event "Moehnesee Cup-B"]
[Site "Moehnesee"]
[Date "2005.08.21"]
[Round "6"]
[White "Gerard, Marcel"]
[Black "Hoefling, Otmar"]
[Result "1-0"]
[WhiteElo "1719"]
[BlackElo "1676"]
[PlyCount "47"]
[EventDate "2005.08.18"]
[EventType "swiss"]
[EventRounds "7"]
[EventCountry "GER"]
[SourceTitle "CBM 108 Extra"]
[Source "ChessBase"]
[SourceDate "2005.11.04"]
[SourceVersion "1"]
[SourceVersionDate "2005.11.04"]
[SourceQuality "1"]

1. d4 d5 2. c4 c6 3. Nf3 dxc4 4. Nc3 b5 5. e4 e6 6. a4 b4 7. Nb1 Nf6 8. e5 Nd5 9. Bxc4 a5 10. 0-0 Ba6 11. Qd3 Be7 12. Bxa6 Nxa6 13. Qc4 Qb6 14. Nbd2 0-0 15. Nb3 Rfc8 16. Bd2 Qc7 17. Rfc1 Nb6 18. Qe2 Nd7 19. Rc2 Qd8 20. Be3 c5 21. Rac1 Qb6 22. dxc5 Naxc5 23. Qb5 Qa7 24. Nxc5 1-0

[Event "Moehnesee Cup-B"]
[Site "Moehnesee"]
[Date "2005.08.20"]
[Round "4"]
[White "Gerard, Marcel"]
[Black "Kosfeld, Thorsten"]
[Result "1-0"]
[WhiteElo "1719"]
[BlackElo "1587"]
[PlyCount "73"]
[EventDate "2005.08.18"]
[EventType "swiss"]
[EventRounds "7"]
[EventCountry "GER"]
[SourceTitle "CBM 108 Extra"]
[Source "ChessBase"]
[SourceDate "2005.11.04"]
[SourceVersion "1"]
[SourceVersionDate "2005.11.04"]
[SourceQuality "1"]

1. d4 Nf6 2. c4 g6 3. Nc3 Bg7 4. e4 d6 5. f3 0-0 6. Be3 b6 7. Bd3 c5 8. d5 e6 9. Qd2 exd5 10. cxd5 Re8 11. Nge2 Qe7 12. Bg5 a6 13. a4 Nbd7 14. b3 Ne5 15. Bc2 Bd7 16. h3 c4 17. f4 Nd3+ 18. Bxd3 cxd3 19. Qxd3 b5 20. Ng3 b4 21. Nce2 h6 22. Bxf6 Bxf6 23. Rc1 Bh4 24. 0-0 f5 25. Rc4 fxe4 26. Qxe4 Bf5 27. Qxe7 Rxe7 28. Nxf5 gxf5 29. Nd4 Re4 30. Nxf5 Rxc4 31. bxc4 Bf6 32. Nxd6 b3 33. Rb1 b2 34. Kf1 Rd8 35. Ne4 Bh4 36. Rxb2 Re8 37. Re2 1-0

[Event "Moehnesee Cup-B"]
[Site "Moehnesee"]
[Date "2005.08.18"]
[Round "1"]
[White "Dreesbach, Tobias"]
[Black "Gerard, Marcel"]
[Result "0-1"]
[WhiteElo "1435"]
[BlackElo "1719"]
[PlyCount "99"]
[EventDate "2005.08.18"]
[EventType "swiss"]
[EventRounds "7"]
[EventCountry "GER"]
[SourceTitle "CBM 108 Extra"]
[Source "ChessBase"]
[SourceDate "2005.11.04"]
[SourceVersion "1"]
[SourceVersionDate "2005.11.04"]
[SourceQuality "1"]

1. e4 Nf6 2. Nc3 d5 3. exd5 Nxd5 4. Bc4 c6 5. Nf3 Bg4 6. h3 Bxf3 7. Qxf3 Nf6 8. 0-0 e6 9. d3 Nbd7 10. Re1 Be7 11. Bf4 0-0 12. Rad1 Nb6 13. Qg3 Nh5 14. Bc7 Nxg3 15. Bxd8 Raxd8 16. fxg3 Nxc4 17. dxc4 Rxd1 18. Rxd1 Rd8 19. Rxd8+ Bxd8 20. Kf2 Bf6 21. Nd1 Bd4+ 22. Kf3 f6 23. c3 Be5 24. b4 b6 25. a4 Kf7 26. g4 Ke7 27. Ke4 Kd6 28. Kd3 Bg3 29. Ke4 Be1 30. Kf4 a5 31. bxa5 bxa5 32. Ke4 g6 33. Kd4 e5+ 34. Ke4 Kc5 35. Kd3 e4+ 36. Ke2 Bg3 37. Nb2 Be5 38. Kd2 e3+ 39. Kxe3 Bxc3 40. Nd3+ Kxc4 41. Nc1 Kb4 42. Na2+ Kb3 43. Nc1+ Kxa4 44. Kd3 Bb2 45. Ne2 Kb5 46. Kc2 Be5 47. Kb1 Kb4 48. Nc1 c5 49. Nd3+ Kc4 50. Nc1 0-1